Score 0/16 Timer 04:00
13 Plays Today
% Correct
Argentina
90.9%
Denmark
81.1%
New Zealand
81%
Egypt
78.3%
Russia
73.3%
Turkey
71.9%
Yemen
67.1%
Afghanistan
61.6%
% Correct
Niger
60.2%
Netherlands
58.5%
Laos
58.1%
Oman
57.9%
Senegal
54.8%
Kuwait
54%
Togo
50.3%
Suriname
38.5%

You're not logged in!

Compare scores with friends on all Sporcle quizzes.
OR
Log In

Sporcle TV

Today on Sporcle TV


Watch our educational content, quiz creation guides, and fun videos on Sporcle TV.

Show Comments

Extras

Top Quizzes Today


Score Distribution

Paid Content

Your Account Isn't Verified!

In order to create a playlist on Sporcle, you need to verify the email address you used during registration. Go to your Sporcle Settings to finish the process.

Report this User

Report this user for behavior that violates our Community Guidelines.

Details: